Language Quiz

Random Language or Letter Quiz
Score 0/20 Timer 02:00
0 Plays Today
% Correct
eea
81.9%
eye
78.7%
aue
77.1%
uie
74.4%
ioe
74.4%
iau
73.5%
eau
72.9%
iai
72.7%
uou
71.2%
uia
70.6%
% Correct
iou
69.2%
uee
68.5%
aio
67.2%
uea
66.8%
ooe
64%
oui
63.3%
eou
63.3%
ieu
60.1%
eio
55.1%
eoi
43.5%
Remove Ads.
Support Sporcle.
Get the best of Sporcle when you Go Orange. This ad-free experience offers more features, more stats, and more fun while also helping to support Sporcle. Thank you for becoming a member.

You're not logged in!

Compare scores with friends on all Sporcle quizzes.
OR
Log In

Sporcle TV

Today on Sporcle TV


Watch our educational content, quiz creation guides, and fun videos on Sporcle TV.

Show Comments

Extras

Top Quizzes Today


Score Distribution

Paid Content

Your Account Isn't Verified!

In order to create a playlist on Sporcle, you need to verify the email address you used during registration. Go to your Sporcle Settings to finish the process.

Report this User

Report this user for behavior that violates our Community Guidelines.

Details: